Suite du répertoire du théâtre français, avec un choix des pièces de plusieurs autres théâtres. (Record no. 169830)
[ view plain ]
| 000 -LEADER | |
|---|---|
| campo de control de longitud fija | 01287nam a2200265 i 4500 |
| 001 - NÚMERO DE CONTROL | |
| campo de control | 169830 |
| 003 - IDENTIFICADOR DE NÚMERO DE CONTROL | |
| campo de control | ES-MaACL |
| 005 - FECHA Y HORA DE LA ÚLTIMA TRANSACCIÓN | |
| campo de control | 20250927110308.0 |
| 008 - DATOS DE LONGITUD FIJA--INFORMACIÓN GENERAL | |
| campo de control de longitud fija | 081203s1822 fr |||| | fre d |
| 080 ## - NÚMERO DE LA CLASIFICACIÓN DECIMAL UNIVERSAL | |
| Número de la Clasificación Decimal Universal | 821.133.1-293 |
| 245 00 - MENCIÓN DEL TÍTULO | |
| Título | Suite du répertoire du théâtre français, avec un choix des pièces de plusieurs autres théâtres. |
| Nombre de parte o sección de la obra | Opéras comiques en prose. |
| Número de parte o sección de la obra | V / |
| Mención de responsabilidad, etc. | arrangées et mises en ordre par M. Lepeintre. |
| 260 ## - PUBLICACIÓN, DISTRIBUCIÓN, ETC. | |
| Lugar de publicación, distribución, etc. | Paris : |
| Nombre del editor, distribuidor, etc. | Mme Veuve Dabo, |
| Fecha de publicación, distribución, etc. | 1822 ( |
| Fabricante | Senlis) |
| 300 ## - DESCRIPCIÓN FÍSICA | |
| Extensión | 375 p. ; |
| Dimensiones | 14 cm. |
| 490 1# - MENCIÓN DE SERIE | |
| Mención de serie | Suite du répertoire du théatre français ; |
| Designación de volumen o secuencia | 60 |
| 500 ## - NOTA GENERAL | |
| Nota general | Índice. |
| 500 ## - NOTA GENERAL | |
| Nota general | Enc. con: Suite du répertoire du théâtre français ; 59. |
| 505 8# - NOTA DE CONTENIDO CON FORMATO | |
| Nota de contenido con formato | Contiene: ; |
| Título | Philippe et Georgette ; Ambroise, ou Voila ma Journée / |
| Mención de responsabilidad | par Monvel. -- |
| Título | Nina ; Les deux petits savoyards ; Camille, ou Le Souterrain / |
| Mención de responsabilidad | par Marsollier. |
| 597 ## - NOTA DE DESCRIPCIÓN FÍSICA | |
| NOTA DE DESCRIPCIÓN FÍSICA | 2 tomos en 1 v. |
| 700 1# - ENTRADA AGREGADA--NOMBRE PERSONAL | |
| Nombre de persona | Boutet de Monvel, Jacques-Marie. |
| 9 (RLIN) | 138997 |
| 700 1# - ENTRADA AGREGADA--NOMBRE PERSONAL | |
| Nombre de persona | Marsollier des Vivetières, Benoît-Joseph. |
| 9 (RLIN) | 138998 |
| 700 1# - ENTRADA AGREGADA--NOMBRE PERSONAL | |
| Nombre de persona | Lepeintre-Desroches, Pierre-Marie-Michel, |
| Fechas asociadas al nombre | 1785-1847 |
| 9 (RLIN) | 138972 |
| 830 0# - PUNTO DE ACCESO ADICIONAL DE SERIE-TÍTULO UNIFORME | |
| Título uniforme | Suite du répertoire du théatre français ; |
| Designación de volumen o secuencia | 60 |
| 9 (RLIN) | 188890 |
| 852 4# - LOCALIZACIÓN | |
| Ubicación | ES-MaACL |
| Número de control de estantería | E-12315(2) |
| itemnumber | R.190455 |
| Nota libre | Biblioteca Jacinto Martínez Lacalle |
| Estatus retirado | Estado de pérdida | Estado de daño | No para préstamo | Colección | Biblioteca de origen | Biblioteca actual | Ubicación en estantería | Fecha de adquisición | Fuente de adquisición | Total de préstamos | Signatura topográfica completa | Código de barras | Visto por última vez | Precio de reemplazo | Tipo de ítem Koha |
|---|---|---|---|---|---|---|---|---|---|---|---|---|---|---|---|
| Libros del s. XIX | Biblioteca del Ateneo de Madrid | Biblioteca del Ateneo de Madrid | Depósito 2 | 03/12/2008 | E-12315(2) | 1178302 | 23/02/2023 | 23/02/2023 | Libro impreso antiguo |
